Mycènes, Troie, Homère : test de connaissances - Statistiques

Statistiques générales
  • Ce quiz a été pris 28 fois
  • Le résultat moyen est 8 sur 15
Statistiques - réponses
Question Réponse % Correct
Que montre l’archéologie à propos de Troie ? Qu’elle était une cité réelle mais pas forcément celle d’Homère
80%
Que représente le Cyclope Polyphème ? le désordre et la barbarie
76%
Comment appelle-t-on la période qui suit l’effondrement mycénien ? Les siècles obscurs
76%
Dans l’épisode du Cyclope, quel trait d’Ulysse symbolise la civilisation grecque ? sa ruse et sa raison
76%
Quel métal remplace le bronze pendant cette période ? fer
60%
Quelle est la valeur centrale de la société homérique ? kleos (gloire)
60%
Qui a fouillé le site de Troie au XIXᵉ siècle ? Heinrich Schliemann
56%
Vers quelle date se situe la fin du monde mycénien ? vers 1250 av. J.-C.
56%
Quelle est la principale conséquence de la chute des royaumes mycéniens ? L’effondrement du système palatial
52%
Les Peleset sont identifiés à quels peuples bibliques ? Les Philistins
52%
Qui sont les « peuples de la mer » ? Des envahisseurs venus du Nord et de la Méditerranée
44%
Quel style artistique marque le renouveau à la fin des siècles obscurs ? l'art géométrique
44%
Quelles trois puissances dominaient le Proche-Orient à cette époque ? Égypte, Hittites, Kassites
40%
Quel bâtiment annonce les futurs temples grecs ? Le bâtiment en abside de Lefkandi
36%
Quelle hypothèse sur les Doriens est aujourd’hui rejetée ? Qu’ils venaient du Nord
24%
Aucun quiz correspondant
Distribution des résultats
% des personnes avec chaque résultat
Percentile par nombre de réponses
Votre historique - résultats
Vous n’avez pas pris ce quiz